| 000 | 00894nam a2200241 a 4500 | ||
|---|---|---|---|
| 005 | 20210219160357.0 | ||
| 008 | 081027s2000 mx r 000 0 spa d | ||
| 035 | _aUPN01000164300 | ||
| 049 | _aUNE | ||
| 080 | _a371.13 (7/8)=20 "2000" NAV. | ||
| 100 | 1 | _aNavarro, Juan Carlos | |
| 245 | 1 | 0 |
_aTeacher training in Latin America : _bInnovations and trends / _cby Juan Carlos Navarro; Aimee Verdisco. |
| 260 |
_aNew York : _bInter-American Development Bank, _c2000. |
||
| 300 | _a24 p. | ||
| 440 | 0 | _aSustainable Development Dept. Technival Papers Series; EDU- | |
| 500 | _aIncluye bibliografía | ||
| 690 | _aFormacion de docentes | ||
| 690 | _aFormacion de docentes en ejercicio | ||
| 690 | _aAmerica Latina- Formacion de docentes | ||
| 700 | 1 | _aVerdisco, Aimee, coaut. | |
| 710 | 2 | _aInter-American Development Bank Sustainable Development Dept. Education Unit. | |
| 905 | _aUNESCO | ||
| 999 |
_c136412 _d136412 |
||